La divina comedia
Guardado en:
| Autor principal: | |
|---|---|
| Formato: | Libro |
| Lenguaje: | español |
| Publicado: |
Buenos Aires
Atlántida
1967
|
| Edición: | 7a. ed |
| Colección: | Biblioteca Billiken
|
| Materias: | |
| Etiquetas: |
Agregar Etiqueta
Sin Etiquetas, Sea el primero en etiquetar este registro!
|
MARC
| LEADER | 00000nam a2200000 a 4500 | ||
|---|---|---|---|
| 001 | UCH6761 | ||
| 003 | CL-VaPUC | ||
| 008 | 091109e19670000AG |||||||||||||||||spa|d | ||
| 082 | 0 | 4 | |a 851 |b ALI |2 21 |
| 100 | |a Alighieri, Dante |e autor |9 396 | ||
| 245 | 1 | 3 | |a La divina comedia |
| 250 | |a 7a. ed | ||
| 300 | |a 125 p | ||
| 942 | |c BK | ||
| 945 | |d 20091109 00:00:00 |a lazolas | ||
| 260 | |a Buenos Aires |b Atlántida |c 1967 | ||
| 650 | 0 | |a Poesías italianas |9 265352 | |
| 650 | 0 | |a Poesías épicas italianas |9 265486 | |
| 583 | |a last modification |c 20091109 00:00:00 |k Rodrigo Vera | ||
| 490 | 0 | |a Biblioteca Billiken | |
| 999 | |c 337587 |d 337585 | ||